Personnages Marvel par description - Statistiques

Statistiques générales
  • Ce quiz a été pris 1 009 fois
  • Le résultat moyen est 13 sur 30
Statistiques - réponses
Description Personnage % Correct
Un expert de la robotique dont le génie n'a de supérieur que l'ego Iron Man
98%
Il peut rétrécir et grandir à volonté à l'aide de particules spéciales Ant-Man
90%
Il devient vert de rage quand on l'embête Hulk
73%
Une terrienne a eu le coup de foudre pour lui, même s'il est un peu marteau Thor
73%
Il parcourt des Miles en tissant sa toile dans la ville qu'il connait Parker Spider-Man
72%
Il ne sait dire qu'une seule phrase contenant une faute Groot
69%
Il a de très bons goûts musicaux Star-Lord
63%
Il a le même bras qu'Edward Elric Le Soldat de l'Hiver
55%
Il pense que tout peut se régler en un claquement de doigts Thanos
55%
De chétif, il devient baraqué sans aller à la salle Captain America
48%
Il ne voit rien mais il voit tout Daredevil
48%
Son frère jumeau court plus vite que Sonic La Sorcière Rouge
48%
Elle n'a rien d'une araignée mais est tout aussi mortelle La Veuve Noire
47%
Il se déguise en chat pour protéger son pays secret Black Panther
46%
Il est jaloux de son frère car il a été adopté Loki
46%
Il brise des nuques et le quatrième mur Deadpool
38%
Elle met souvent des vents, et mieux vaut ne pas s'attirer ses foudres Tornade
35%
Il attire les problèmes comme un aimant Magnéto
34%
S'il retire ses lunettes, c'est la cata Cyclope
32%
Sa morphologie ressemble à celle de Monkey D. Luffy Mr. Fantastique
30%
L'air aussi bien que l'eau lui permettent de respirer Namor
29%
La nuit venue, c'est une vraie tête brûlée Ghost Rider
28%
Il a le même surnom que Dracule Mihawk Hawkeye
27%
Son poing brille quand il se concentre Iron Fist
24%
Cet extraterrestre déteste les araignées, même s'il les imite Venom
18%
Il inflige des sanctions plus rapidement que la justice française Le Punisher
12%
Si son nom était traduit en français, il s'appellerait Glouton Wolverine
11%
Rien ne passe au-dessus de sa tête, il attrape tout grâce à ses réflexes Drax
7%
Il a acquis le don du vol car il avait le seum d'être vieux Le Vautour
3%
Tout son budget passe dans les vêtements car ils finissent toujours troués Luke Cage
2%
Aucun quiz correspondant
Distribution des résultats
% des personnes avec chaque résultat
Percentile par nombre de réponses
Votre historique - résultats
Vous n’avez pas pris ce quiz